Relaciones de intimidad en la adolescencia : el papel de la expresividad y la instrumentalidad (Record no. 76026)
[ view plain ]
| 000 -CABECERA | |
|---|---|
| campo de control de longitud fija | 00594nam a2200205 a 4500 |
| 005 - FECHA Y HORA DE LA ÚLTIMA TRANSACCIÓN | |
| campo de control | 20210219153413.0 |
| 008 - ELEMENTOS DE LONGITUD FIJA--INFORMACIÓN GENERAL | |
| campo de control de longitud fija | 991125n 000 0 spa u |
| 035 ## - NÚMERO DE CONTROL DEL SISTEMA | |
| Número de control de sistema | UPN01000097102 |
| 222 ## - TÍTULO CLAVE | |
| Título clave | ESTUDIOS DE PSICOLOGIA |
| 245 ## - MENCIÓN DE TÍTULO | |
| Título | Relaciones de intimidad en la adolescencia : el papel de la expresividad y la instrumentalidad |
| 300 ## - DESCRIPCIÓN FÍSICA | |
| Extensión | 55-64 |
| 362 ## - FECHAS DE PUBLICACIÓN Y/O DESIGNACIÓN SECUENCIAL | |
| Fecha de publicación y/o designación secuencial | 1998 No. 59 |
| 653 0# - TERMINO DE INDIZACION - NO CONTROLADO | |
| Término no controlado | ADOLESCENCIA |
| 653 0# - TERMINO DE INDIZACION - NO CONTROLADO | |
| Término no controlado | INTIMIDAD |
| 653 0# - TERMINO DE INDIZACION - NO CONTROLADO | |
| Término no controlado | RELACIONES INTERPERSONALES |
| 653 0# - TERMINO DE INDIZACION - NO CONTROLADO | |
| Término no controlado | SALAMANCA(ESPAÑA) |
| 700 ## - ASIENTO SECUNDARIO--NOMBRE DE PERSONAL | |
| Nombre de persona | FUERTES, Antonio, coaut. |
| 904 ## - ELEMENTOS DE DATOS D LOCAL, LDD (RLIN) | |
| a | AC |
| b | 034913 |
| 905 ## - TIPO DE MATERIAL | |
| Tipo de material | Articulo |
No items available.
